00208nam a2200085 a 450000500170000000800410001705000170005824500330007526000140010820140414093831.0970110s19uu xx 00 eng d aVHS SDbR 40 aMR. & MS. HS SIS Prepageant. c10/05/00.